000 00960nas a2200289 4500
001 BR2012008966
003 BR-BrBNA
005 20231205121521.0
007 ta
008 230509b bl.|||p| |||| 00| 00por d
040 _aBR-BrBNA
_bpor
_cBiblioteca Nacional de Agricultura
041 _a(En)
072 _aL40
100 1 _aCosta, S.A.R.F.
100 1 _aRichter, M.
100 1 _aToledo, P.M. de
100 1 _aMoraes-Santos, H.M.
245 1 _aShark teeth from pirabas formation (Lower Miocene), northeastern Amazonia, Brazil
246 1 _aShark teeth from pirabas formation (Lower Miocene), northeastern Amazonia, Brazil
650 _aCAÇÃO
650 _aDENTE
650 _aANATOMIA ANIMAL
650 _aTAXONOMIA
773 0 _tBoletim do Museu Paraense Emílio Goeldi. Ciências Naturais (Brazil)
_xISSN 1981-8114
_g(Sep-Dec 2009), v. 4(3) p. 221-230
_wBR2012008966
909 _a202311
_bLúcia
_c55
_dLúcia Elande
942 _2AGRIS
_n0
_cANA
999 _c223924
_d223924